Statistiken für Stadtteile von Bochum

Klicken Sie hier um das Quiz zu spielen!

Allgemein

  • Dieses Quiz wurde 98 mal gespielt
  • Das Durchschnittsergebnis liegt bei 16 aus 39

Antwortstatistiken

KompassStadtteil% Korrekt
OLangendreer
72%
SStiepel
65%
SOQuerenburg
64%
SWWeitmar
64%
NOGerthe
61%
NOHarpen
61%
SWDahlhausen
57%
NRiemke
57%
SWiemelhausen
56%
OLaer
55%
MitteGrumme
53%
SWLinden
53%
WATHöntrop
52%
MitteAltenbochum
51%
NWHamme
51%
NWHordel
48%
OWerne
48%
WATEppendorf
43%
WATLeithe
41%
NHofstede
40%
NOKornharpen
40%
NHiltrop
37%
WATGünnigfeld
36%
WStahlhausen
36%
MitteEhrenfeld
35%
SOHustadt
33%
WGoldhamme
31%
MitteInnenstadt
28%
WATWestenfeld
28%
SOSteinkuhl
27%
WATWattenscheid-Mitte
27%
WATSevinghausen
24%
NBergen
20%
SBrenschede
15%
NOKirchharpen
15%
SWBärendorf
13%
WATEiberg
12%
NORosenberg
11%
MitteStadtparkviertel
9%

Verteilung der Resultate

Perzentil nach korrekt beantworteten Fragen

Anzahl Personen mit jedem Resultat

Ihre Resultats-Entwicklung

Sie haben dieses Quiz noch nicht gespielt